000 01161nam a22002657a 4500
005 20170124103014.0
010 _aA-718112
020 _c105.00
035 _aA-718112
037 _bCen Lib/Ret
040 _aDPL
_bHN
082 _a
_bदवेह
100 _aदवे, हरिन्द्र
_958501
245 _aमाधव कहीं नहीं हैं /
_cहरिन्द्र दवे; अनुवादक भानुशंकर मेहता
246 _aMadhav kahin nahin hain /
_bby Harindra Dave; anuvadak Bhanushankar Mehta
260 _aनयी दिल्ली
_bभारतीय ज्ञानपीठ
_c1995
270 _bनयी दिल्ली
_a18, इंस्टीट्युशनल एरिया, लोधी रोड
_e110003
300 _a172पृ.
_c19सेमी (सजिल्द)
650 _aहिन्दी साहित्य
_958502
650 _aउपन्यास
_958503
650 _aHindi literature
_958504
650 _aFiction
_98901
700 _bमेहता, भानुशंकर
_958505
942 _2ddc
_cHN
_h
_mदवेह
999 _c114802
_d114802